000 005430000a22001810004500
003 MACL
005 20160406103539.0
008 160406b xxu||||| |||| 00| 0 eng d
040 _aMACL
_cMACL
041 _aHindi
082 _a340
100 _aअग्रवाल बालमुकुंद
_949712
245 _aहमारी न्‍यायपालिका
260 _bनेशनल बुक ट्रस्‍ट
_c1999
_aनई दिल्‍ली
350 _a45
650 _aLaw
_950689
942 _cHIN
_k340
_2ddc
999 _c9378
_d9378